Optimistická tregédie na Korejském poloostrově
Kórejský polostrov považovaný za jedno z ohnísk vojenského nebezpečenstva. Militarizácia politiky. Hľadanie modelu pre zjednotenie KĽDR a Kórejskej republiky. Tieto snahy boli ovplyvnené konfrontáciou USA a KĽDR, ktorej predmetom bol vývoj, výroba a vývoz technológií balistických striel/rakiet a výv...
Salvato in:
| Autore principale: | |
|---|---|
| Natura: | Capitolo di libro |
| Lingua: | ceco |
| Soggetti: | |
| Tags: |
Nessun Tag, puoi essere il primo ad aggiungerne!!
|
MARC
| LEADER | 00000naa$a2200000$$$4500 | ||
|---|---|---|---|
| 001 | 0069239 | ||
| 005 | 20231103101251.0 | ||
| 041 | 0 | |a cze | |
| 044 | |a CZ | ||
| 245 | 1 | 0 | |a Optimistická tregédie na Korejském poloostrově |c Zdeněk Zbořil |
| 520 | |a Kórejský polostrov považovaný za jedno z ohnísk vojenského nebezpečenstva. Militarizácia politiky. Hľadanie modelu pre zjednotenie KĽDR a Kórejskej republiky. Tieto snahy boli ovplyvnené konfrontáciou USA a KĽDR, ktorej predmetom bol vývoj, výroba a vývoz technológií balistických striel/rakiet a vývoj vlastného severokórejského nukleárneho potenciálu. Myšlienka podpísania mierovej zmluvy medzi KĽDR a USA zatiaľ nezrealizovaná. | ||
| 610 | 2 | 0 | |a politika medzinárodná |
| 610 | 2 | 0 | |a politika zahraničná |
| 610 | 2 | 0 | |a vzťahy medzinárodné |
| 610 | 2 | 0 | |a bezpečnosť |
| 610 | 2 | 0 | |a vojny |
| 610 | 2 | 0 | |a konflikty |
| 610 | 2 | 0 | |a Kórea |
| 610 | 2 | 0 | |a USA |
| 100 | 1 | |a Zbořil, Zdeněk | |